MARC details
| 000 -LEADER |
| fixed length control field |
02822cam a2200757 a 4500 |
| 001 - CONTROL NUMBER |
| control field |
20406 |
| 003 - CONTROL NUMBER IDENTIFIER |
| control field |
VRT |
| 005 - DATE AND TIME OF LATEST TRANSACTION |
| control field |
20260122115453.0 |
| 008 - FIXED-LENGTH DATA ELEMENTS--GENERAL INFORMATION |
| fixed length control field |
240322s1990 xo ol fr 000 0 cze |
| 015 ## - NATIONAL BIBLIOGRAPHY NUMBER |
| National bibliography number |
SNBA1990/08 |
| 020 ## - INTERNATIONAL STANDARD BOOK NUMBER |
| International Standard Book Number |
8021501197 |
| Qualifying information |
(brožované) |
| 035 ## - SYSTEM CONTROL NUMBER |
| System control number |
SNK000006055 |
| 035 ## - SYSTEM CONTROL NUMBER |
| System control number |
urn:nbn:sk:snk-amlnbb |
| 035 ## - SYSTEM CONTROL NUMBER |
| System control number |
urn:nbn:sk:snk-am00bs2i |
| 035 ## - SYSTEM CONTROL NUMBER |
| System control number |
7DA0458A-3342-42DB-B3BB-32116F3D1AEA |
| 039 #9 - LEVEL OF BIBLIOGRAPHIC CONTROL AND CODING DETAIL [OBSOLETE] |
| Level of rules in bibliographic description |
202403221341 |
| Level of effort used to assign nonsubject heading access points |
VLOAD |
| Level of effort used to assign subject headings |
202402261745 |
| Level of effort used to assign classification |
VLOAD |
| Level of effort used to assign subject headings |
202308231005 |
| Level of effort used to assign classification |
msnk160 |
| Level of effort used to assign subject headings |
202308230957 |
| Level of effort used to assign classification |
msnk160 |
| 040 ## - CATALOGING SOURCE |
| Original cataloging agency |
SNK |
| Language of cataloging |
slo |
| Transcribing agency |
SNK |
| Description conventions |
AACR2 |
| 041 0# - LANGUAGE CODE |
| Language code of text/sound track or separate title |
cze |
| -- |
slo |
| -- |
ger |
| -- |
eng |
| Language code of original |
mul |
| 043 ## - GEOGRAPHIC AREA CODE |
| Geographic area code |
e-cs--- |
| 044 ## - COUNTRY OF PUBLISHING/PRODUCING ENTITY CODE |
| MARC country code |
xo |
| ISO country code |
SK |
| 072 #7 - SUBJECT CATEGORY CODE |
| Subject category code |
323 |
| Subject category code subdivision |
Vnútropolitický vývoj, politický život |
| Source |
konspekt |
| 072 #7 - SUBJECT CATEGORY CODE |
| Subject category code |
94(437) |
| Subject category code subdivision |
Dejiny Československa |
| Source |
konspekt |
| 080 ## - UNIVERSAL DECIMAL CLASSIFICATION NUMBER |
| Universal Decimal Classification number |
94(437)"1989" |
| Edition identifier |
2011 |
| 080 ## - UNIVERSAL DECIMAL CLASSIFICATION NUMBER |
| Universal Decimal Classification number |
(048.8:082) |
| Edition identifier |
2011 |
| 080 ## - UNIVERSAL DECIMAL CLASSIFICATION NUMBER |
| Universal Decimal Classification number |
(084.12) |
| Edition identifier |
2011 |
| 080 ## - UNIVERSAL DECIMAL CLASSIFICATION NUMBER |
| Universal Decimal Classification number |
323.22/.28 |
| Edition identifier |
2011 |
| 080 ## - UNIVERSAL DECIMAL CLASSIFICATION NUMBER |
| Universal Decimal Classification number |
(437) |
| Edition identifier |
2011 |
| 080 ## - UNIVERSAL DECIMAL CLASSIFICATION NUMBER |
| Universal Decimal Classification number |
328.16 |
| Edition identifier |
2011 |
| 080 ## - UNIVERSAL DECIMAL CLASSIFICATION NUMBER |
| Universal Decimal Classification number |
328/329 |
| Edition identifier |
2011 |
| 080 ## - UNIVERSAL DECIMAL CLASSIFICATION NUMBER |
| Universal Decimal Classification number |
323.233 |
| Edition identifier |
2011 |
| 080 ## - UNIVERSAL DECIMAL CLASSIFICATION NUMBER |
| Universal Decimal Classification number |
323 |
| Edition identifier |
2011 |
| 100 1# - MAIN ENTRY--PERSONAL NAME |
| Personal name |
Groch, Juraj |
| Relationship |
aut |
| 245 10 - TITLE STATEMENT |
| Title |
Riport o Nežnej revolúcii |
| Statement of responsibility, etc. |
Juraj Groch a kolektív ; [autori fotografií: Andrej Bán ... [et al.]] |
| 246 31 - VARYING FORM OF TITLE |
| Title proper/short title |
Report über die Sanfte Revolution |
| 246 31 - VARYING FORM OF TITLE |
| Title proper/short title |
Report of the Soft Revolution |
| 250 ## - EDITION STATEMENT |
| Edition statement |
1. vyd. |
| 260 ## - PUBLICATION, DISTRIBUTION, ETC. |
| Place of publication, distribution, etc. |
Bratislava |
| Name of publisher, distributor, etc. |
Obzor |
| Date of publication, distribution, etc. |
1990 |
| 300 ## - PHYSICAL DESCRIPTION |
| Extent |
141 strán |
| Other physical details |
fotografie (niektoré farebné), tabuľky |
| Dimensions |
30 cm |
| 366 ## - TRADE AVAILABILITY INFORMATION |
| Note |
10000 kusov |
| 500 ## - GENERAL NOTE |
| General note |
Súbežný názov nemecky a anglicky. Ilustrácie na titulnej strane |
| 500 ## - GENERAL NOTE |
| General note |
Pravdepodobne preložené z viacerých jazykov |
| 546 ## - LANGUAGE NOTE |
| Language note |
Súbežný text v češtine, slovenčine, nemčine a angličtine |
| 648 #7 - SUBJECT ADDED ENTRY--CHRONOLOGICAL TERM |
| Chronological term |
1989 |
| Source of heading or term |
SNKPH |
| 650 07 - SUBJECT ADDED ENTRY--TOPICAL TERM |
| Topical term or geographic name entry element |
Nežná revolúcia (1989 : Československo) |
| Source of heading or term |
SNKPH |
| 650 07 - SUBJECT ADDED ENTRY--TOPICAL TERM |
| Topical term or geographic name entry element |
politická kríza |
| Source of heading or term |
SNKPH |
| 650 07 - SUBJECT ADDED ENTRY--TOPICAL TERM |
| Topical term or geographic name entry element |
vnútropolitický vývoj |
| Source of heading or term |
SNKPH |
| 650 07 - SUBJECT ADDED ENTRY--TOPICAL TERM |
| Topical term or geographic name entry element |
politika a vláda |
| Source of heading or term |
SNKPH |
| 650 07 - SUBJECT ADDED ENTRY--TOPICAL TERM |
| Topical term or geographic name entry element |
demonštrácie |
| Source of heading or term |
SNKPH |
| 650 07 - SUBJECT ADDED ENTRY--TOPICAL TERM |
| Topical term or geographic name entry element |
spoločnosť a politika |
| Source of heading or term |
SNKPH |
| 651 #7 - SUBJECT ADDED ENTRY--GEOGRAPHIC NAME |
| Geographic name |
Československo |
| Source of heading or term |
SNKPHgeo |
| 655 #7 - INDEX TERM--GENRE/FORM |
| Genre/form data or focus term |
fotografické publikácie |
| Source of term |
SNKPH |
| 655 #7 - INDEX TERM--GENRE/FORM |
| Genre/form data or focus term |
kolektívne monografie |
| Source of term |
SNKPH |
| 700 1# - ADDED ENTRY--PERSONAL NAME |
| Personal name |
Groch, Juraj |
| Relationship |
aut |
| 700 1# - ADDED ENTRY--PERSONAL NAME |
| Personal name |
Bán, Andrej, |
| Dates associated with a name |
1964- |
| Relationship |
pht |
| 700 1# - ADDED ENTRY--PERSONAL NAME |
| Personal name |
Pauleová, Milada, |
| Dates associated with a name |
1946- |
| Relationship |
trl |
| 700 1# - ADDED ENTRY--PERSONAL NAME |
| Personal name |
Wetzlerová, Etela |
| Relationship |
trl |
| 942 ## - ADDED ENTRY ELEMENTS (KOHA) |
| Source of classification or shelving scheme |
Dewey Decimal Classification |
| Koha item type |
Odborná literatúra pre dospelých |
| Suppress in OPAC |
No |
| 949 ## - LOCAL PROCESSING INFORMATION (OCLC) |
| 6 |
17A0019107 |
| 9 |
P60, <04>, [BOOK], {604} |
| a |
snkSB 47298 D1 |
| 949 ## - LOCAL PROCESSING INFORMATION (OCLC) |
| 6 |
3822002654 |
| a |
kuruktkeI-0070 |
| b |
kuruktke1998/002654 |
| 949 ## - LOCAL PROCESSING INFORMATION (OCLC) |
| 6 |
3822002653 |
| a |
kuruktkeI-0070 |
| b |
kuruktke1998/002653 |
| 949 ## - LOCAL PROCESSING INFORMATION (OCLC) |
| 6 |
17A0873449 |
| a |
snkSB 47298 |
| b |
snkKSP 8891/90 |
| s |
6100:20160606 |
| 949 ## - LOCAL PROCESSING INFORMATION (OCLC) |
| 6 |
270001000016658 |
| a |
svkbbC 31006 |
| b |
svkbbm 553725 |
| 949 ## - LOCAL PROCESSING INFORMATION (OCLC) |
| 6 |
270001000016659 |
| a |
svkbbC 31006 |
| b |
svkbbm 553915 |
| 949 ## - LOCAL PROCESSING INFORMATION (OCLC) |
| 6 |
270001000016660 |
| a |
svkbbC 31006 |
| b |
svkbbm 553916 |